[Event "British Rapidplay Championship 2023"]
[Site "Mercure Bradford, Bankfield Hotel"]
[Date "2023.04.16"]
[Round "9.6"]
[White "Bak, Andrew"]
[Black "Lukhi, Neev"]
[Result "1-0"]
[TimeControl "All moves in 15 minutes plus 10 second increment per move from move 1"]
[WhiteElo "1959"]
[BlackElo "1544"]

1. e4 {[%clk 00:15:18]} {[%emt 00:00:01]} e6 {[%clk 00:15:19]} {[%emt
00:00:02]} 2. d4 {[%clk 00:15:25]} {[%emt 00:00:15]} d5 {[%clk 00:15:28]}
{[%emt 00:00:01]} 3. Nc3 {[%clk 00:15:33]} {[%emt 00:00:14]} dxe4 {[%clk
00:15:36]} {[%emt 00:00:01]} 4. Nxe4 {[%clk 00:15:41]} {[%emt 00:00:15]} Nd7
{[%clk 00:15:44]} {[%emt 00:00:01]} 5. c4 {[%clk 00:15:28]} {[%emt 00:00:55]}
Ngf6 {[%clk 00:15:28]} {[%emt 00:00:16]} 6. Nc3 {[%clk 00:15:33]} {[%emt
00:00:02]} Bb4 {[%clk 00:15:17]} {[%emt 00:00:10]} 7. Bd3 {[%clk 00:15:19]}
{[%emt 00:00:17]} c5 {[%clk 00:14:46]} {[%emt 00:00:22]} 8. a3 {[%clk
00:13:50]} {[%emt 00:01:13]} Bxc3+ {[%clk 00:14:08]} {[%emt 00:00:49]} 9. bxc3
{[%clk 00:13:58]} {[%emt 00:00:02]} O-O {[%clk 00:14:04]} {[%emt 00:00:14]} 10.
Nf3 {[%clk 00:14:03]} {[%emt 00:00:05]} b6 {[%clk 00:13:46]} {[%emt 00:00:28]}
11. O-O {[%clk 00:13:59]} {[%emt 00:00:14]} Bb7 {[%clk 00:13:52]} {[%emt
00:00:05]} 12. Bf4 {[%clk 00:13:27]} {[%emt 00:00:40]} Re8 {[%clk 00:13:19]}
{[%emt 00:00:44]} 13. Ne5 {[%clk 00:11:13]} {[%emt 00:02:24]} Nxe5 {[%clk
00:11:42]} {[%emt 00:01:46]} 14. dxe5 {[%clk 00:11:20]} {[%emt 00:00:03]} Nd7
{[%clk 00:09:30]} {[%emt 00:02:24]} 15. Qh5 {[%clk 00:11:00]} {[%emt 00:00:29]}
Nf8 {[%clk 00:09:17]} {[%emt 00:00:22]} 16. Rad1 {[%clk 00:10:07]} {[%emt
00:01:03]} Qc7 {[%clk 00:08:12]} {[%emt 00:01:14]} 17. Bxh7+ {[%clk 00:07:22]}
{[%emt 00:02:56]} Nxh7 {[%clk 00:07:50]} {[%emt 00:00:32]} 18. Rd3 {[%clk
00:07:31]} Be4 {[%clk 00:07:30]} {[%emt 00:00:30]} 19. Rg3 {[%clk 00:07:21]}
{[%emt 00:00:21]} Bg6 {[%clk 00:07:20]} {[%emt 00:00:19]} 20. Qg4 {[%clk
00:07:22]} {[%emt 00:00:07]} Qe7 {[%clk 00:06:07]} {[%emt 00:01:23]} 21. h4
{[%clk 00:07:28]} {[%emt 00:00:06]} Qf8 {[%clk 00:05:44]} {[%emt 00:00:33]} 22.
h5 {[%clk 00:07:35]} {[%emt 00:00:03]} Bf5 {[%clk 00:05:52]} {[%emt 00:00:02]}
23. Qf3 {[%clk 00:07:11]} {[%emt 00:00:33]} Rad8 {[%clk 00:04:41]} {[%emt
00:01:22]} 24. Re1 {[%clk 00:05:48]} {[%emt 00:01:34]} Rd3 {[%clk 00:04:23]}
{[%emt 00:00:29]} 25. Re3 {[%clk 00:05:52]} {[%emt 00:00:06]} Rxe3 {[%clk
00:04:05]} {[%emt 00:00:28]} 26. fxe3 {[%clk 00:06:00]} {[%emt 00:00:01]} f6
{[%clk 00:03:37]} {[%emt 00:00:38]} 27. e4 {[%clk 00:04:34]} {[%emt 00:01:36]}
fxe5 {[%clk 00:02:06]} {[%emt 00:01:41]} 28. Bxe5 {[%clk 00:04:41]} {[%emt
00:00:02]} Nf6 {[%clk 00:01:42]} {[%emt 00:00:35]} 29. exf5 {[%clk 00:04:17]}
{[%emt 00:00:34]} exf5 {[%clk 00:00:33]} {[%emt 00:01:19]} 30. Qxf5 {[%clk
00:04:21]} {[%emt 00:00:05]} Kh8 {[%clk 00:00:18]} {[%emt 00:00:25]} 31. h6
{[%clk 00:04:17]} {[%emt 00:00:15]} Nh5 {[%clk 00:00:11]} {[%emt 00:00:17]} 32.
Qxh5 {[%clk 00:04:13]} {[%emt 00:00:13]} Rxe5 {[%clk 00:00:12]} {[%emt
00:00:10]} 33. hxg7+ {[%clk 00:04:13]} {[%emt 00:00:10]} 1-0

[Event "British Rapidplay Championship 2023"]
[Site "Mercure Bradford, Bankfield Hotel"]
[Date "2023.04.16"]
[Round "9.7"]
[White "Sisupalan, Beni"]
[Black "Zhao, George"]
[Result "1/2-1/2"]
[TimeControl "All moves in 15 minutes plus 10 second increment per move from move 1"]
[WhiteElo "1497"]
[BlackElo "1959"]

1. e4 {[%clk 00:15:19]} e6 {[%clk 00:15:19]} {[%emt 00:00:01]} 2. d4 {[%clk
00:15:28]} d5 {[%clk 00:15:28]} 3. e5 {[%clk 00:15:37]} {[%emt 00:00:13]} c5
{[%clk 00:15:37]} {[%emt 00:00:01]} 4. c3 {[%clk 00:15:46]} {[%emt 00:00:01]}
Nc6 {[%clk 00:15:46]} {[%emt 00:00:12]} 5. Nf3 {[%clk 00:15:55]} Bd7 {[%clk
00:15:55]} {[%emt 00:00:01]} 6. Bd3 {[%clk 00:16:03]} {[%emt 00:00:01]} cxd4
{[%clk 00:16:01]} {[%emt 00:00:23]} 7. cxd4 {[%clk 00:16:12]} {[%emt 00:00:01]}
Qb6 {[%clk 00:16:10]} {[%emt 00:00:01]} 8. Bc2 {[%clk 00:16:20]} {[%emt
00:00:13]} Nb4 {[%clk 00:16:19]} 9. Nc3 {[%clk 00:16:25]} {[%emt 00:00:14]} Rc8
{[%clk 00:15:54]} {[%emt 00:00:32]} 10. O-O {[%clk 00:16:17]} {[%emt 00:00:07]}
Ne7 {[%clk 00:15:42]} {[%emt 00:00:14]} 11. Be3 {[%clk 00:14:56]} {[%emt
00:00:43]} Nxc2 {[%clk 00:15:04]} {[%emt 00:00:48]} 12. Qxc2 {[%clk 00:15:04]}
{[%emt 00:00:02]} Nf5 {[%clk 00:15:12]} {[%emt 00:00:02]} 13. Rac1 {[%clk
00:13:50]} {[%emt 00:01:23]} Be7 {[%clk 00:14:09]} {[%emt 00:01:14]} 14. h3
{[%clk 00:13:12]} {[%emt 00:00:48]} O-O {[%clk 00:13:18]} {[%emt 00:01:01]} 15.
Rfe1 {[%clk 00:11:39]} {[%emt 00:01:42]} f6 {[%clk 00:11:31]} {[%emt 00:01:58]}
16. g4 {[%clk 00:08:42]} {[%emt 00:03:07]} Nxe3 {[%clk 00:10:23]} {[%emt
00:01:17]} 17. fxe3 {[%clk 00:08:25]} {[%emt 00:00:27]} fxe5 {[%clk 00:09:19]}
{[%emt 00:01:15]} 18. Nxe5 {[%clk 00:08:30]} {[%emt 00:00:05]} Be8 {[%clk
00:09:02]} {[%emt 00:00:27]} 19. Rf1 {[%clk 00:07:45]} {[%emt 00:00:54]} Rxf1+
{[%clk 00:07:59]} {[%emt 00:01:14]} 20. Rxf1 {[%clk 00:07:53]} {[%emt
00:00:02]} Bf6 {[%clk 00:08:04]} {[%emt 00:00:05]} 21. Qf2 {[%clk 00:07:22]}
{[%emt 00:00:40]} Qd6 {[%clk 00:07:00]} {[%emt 00:01:15]} 22. e4 {[%clk
00:06:12]} {[%emt 00:01:19]} h6 {[%clk 00:05:45]} {[%emt 00:01:26]} 23. exd5
{[%clk 00:06:00]} {[%emt 00:00:22]} exd5 {[%clk 00:04:46]} {[%emt 00:01:09]} 24.
Re1 {[%clk 00:05:49]} {[%emt 00:00:21]} Qd8 {[%clk 00:03:21]} {[%emt 00:01:35]}
25. Qf3 {[%clk 00:05:09]} {[%emt 00:00:50]} Bc6 {[%clk 00:03:05]} {[%emt
00:00:27]} 26. Qf5 {[%clk 00:04:51]} {[%emt 00:00:27]} Bxe5 {[%clk 00:01:57]}
{[%emt 00:01:18]} 27. Rxe5 {[%clk 00:04:37]} {[%emt 00:00:24]} Kh8 {[%clk
00:01:18]} {[%emt 00:00:49]} 28. Kg2 {[%clk 00:03:38]} {[%emt 00:01:08]} Qf8
{[%clk 00:00:44]} {[%emt 00:00:45]} 29. Kf3 {[%clk 00:02:20]} {[%emt 00:01:28]}
Kg8 {[%clk 00:00:19]} {[%emt 00:00:35]} 30. Ke3 {[%clk 00:01:46]} {[%emt
00:00:44]} Qxf5 {[%clk 00:00:26]} {[%emt 00:00:03]} 31. Rxf5 {[%clk 00:01:53]}
{[%emt 00:00:03]} Re8+ {[%clk 00:00:23]} {[%emt 00:00:13]} 32. Kd3 {[%clk
00:02:01]} {[%emt 00:00:02]} Rd8 {[%clk 00:00:30]} {[%emt 00:00:03]} 33. a4
{[%clk 00:01:55]} {[%emt 00:00:16]} a6 {[%clk 00:00:36]} {[%emt 00:00:04]} 34.
b4 {[%clk 00:01:44]} {[%emt 00:00:20]} b5 {[%clk 00:00:32]} {[%emt 00:00:15]}
35. axb5 {[%clk 00:01:46]} {[%emt 00:00:08]} axb5 {[%clk 00:00:40]} {[%emt
00:00:01]} 1/2-1/2

[Event "British Rapidplay Championship 2023"]
[Site "Mercure Bradford, Bankfield Hotel"]
[Date "2023.04.16"]
[Round "9.8"]
[White "Cuaresma, Gerald"]
[Black "Cradock, Samir"]
[Result "1-0"]
[TimeControl "All moves in 15 minutes plus 10 second increment per move from move 1"]
[WhiteElo "1904"]
[BlackElo "1530"]

1. d4 {[%clk 00:15:18]} {[%emt 00:00:01]} d5 {[%clk 00:15:19]} {[%emt
00:00:02]} 2. Bg5 {[%clk 00:15:25]} {[%emt 00:00:14]} h6 {[%clk 00:15:23]}
{[%emt 00:00:31]} 3. Bh4 {[%clk 00:15:34]} Nf6 {[%clk 00:15:22]} {[%emt
00:00:27]} 4. Bxf6 {[%clk 00:15:12]} {[%emt 00:00:42]} exf6 {[%clk 00:15:30]} 5.
e3 {[%clk 00:15:20]} c5 {[%clk 00:15:06]} {[%emt 00:00:15]} 6. c3 {[%clk
00:15:01]} {[%emt 00:00:20]} Bd6 {[%clk 00:15:03]} {[%emt 00:00:08]} 7. dxc5
{[%clk 00:15:09]} {[%emt 00:00:02]} Bxc5 {[%clk 00:15:10]} {[%emt 00:00:02]} 8.
Nd2 {[%clk 00:15:12]} {[%emt 00:00:03]} O-O {[%clk 00:15:06]} {[%emt 00:00:07]}
9. g3 {[%clk 00:15:09]} {[%emt 00:00:03]} Re8 {[%clk 00:15:03]} {[%emt
00:00:01]} 10. Nb3 {[%clk 00:14:57]} {[%emt 00:00:22]} Bb6 {[%clk 00:14:55]}
{[%emt 00:00:18]} 11. Bg2 {[%clk 00:15:04]} {[%emt 00:00:03]} Be6 {[%clk
00:14:39]} {[%emt 00:00:27]} 12. Ne2 {[%clk 00:15:01]} {[%emt 00:00:13]} Nc6
{[%clk 00:14:39]} {[%emt 00:00:09]} 13. O-O {[%clk 00:15:03]} {[%emt 00:00:08]}
Qd7 {[%clk 00:14:26]} {[%emt 00:00:23]} 14. Nbd4 {[%clk 00:14:14]} {[%emt
00:00:59]} Rad8 {[%clk 00:13:32]} {[%emt 00:01:04]} 15. Qd2 {[%clk 00:14:01]}
{[%emt 00:00:24]} Bh3 {[%clk 00:12:39]} {[%emt 00:01:03]} 16. Rad1 {[%clk
00:13:26]} {[%emt 00:00:45]} Bxg2 {[%clk 00:11:51]} {[%emt 00:00:58]} 17. Kxg2
{[%clk 00:13:33]} {[%emt 00:00:01]} Ne7 {[%clk 00:10:54]} {[%emt 00:01:08]} 18.
Qc2 {[%clk 00:13:34]} {[%emt 00:00:08]} g6 {[%clk 00:10:28]} {[%emt 00:00:37]}
19. Nf4 {[%clk 00:13:14]} {[%emt 00:00:31]} Bxd4 {[%clk 00:10:13]} {[%emt
00:00:25]} 20. Rxd4 {[%clk 00:13:21]} {[%emt 00:00:03]} Qf5 {[%clk 00:09:53]}
{[%emt 00:00:29]} 21. Qd2 {[%clk 00:13:06]} {[%emt 00:00:24]} g5 {[%clk
00:09:39]} {[%emt 00:00:25]} 22. e4 {[%clk 00:12:35]} {[%emt 00:00:41]} Qh7
{[%clk 00:08:00]} {[%emt 00:01:49]} 23. Nxd5 {[%clk 00:10:43]} {[%emt
00:02:02]} Nxd5 {[%clk 00:08:04]} {[%emt 00:00:06]} 24. exd5 {[%clk 00:10:51]}
{[%emt 00:00:02]} Qf5 {[%clk 00:07:55]} {[%emt 00:00:19]} 25. Rd1 {[%clk
00:08:14]} {[%emt 00:02:47]} g4 {[%clk 00:06:04]} {[%emt 00:02:01]} 26. Rf4
{[%clk 00:07:27]} {[%emt 00:00:57]} Qg5 {[%clk 00:05:55]} {[%emt 00:00:19]} 27.
Qd4 {[%clk 00:07:18]} {[%emt 00:00:19]} Rd6 {[%clk 00:05:41]} {[%emt 00:00:24]}
28. Rxg4 {[%clk 00:07:24]} {[%emt 00:00:04]} Qxg4 {[%clk 00:05:37]} {[%emt
00:00:14]} 29. Qxg4+ {[%clk 00:07:32]} {[%emt 00:00:02]} Kf8 {[%clk 00:05:40]}
{[%emt 00:00:08]} 30. Qf4 {[%clk 00:07:39]} {[%emt 00:00:02]} Re5 {[%clk
00:05:41]} {[%emt 00:00:09]} 31. Qxh6+ {[%clk 00:07:40]} {[%emt 00:00:10]} Ke7
{[%clk 00:05:46]} {[%emt 00:00:04]} 32. c4 {[%clk 00:07:40]} {[%emt 00:00:10]}
b6 {[%clk 00:05:49]} {[%emt 00:00:07]} 33. Qf4 {[%clk 00:07:36]} {[%emt
00:00:13]} Re2 {[%clk 00:05:31]} {[%emt 00:00:29]} 34. Rd2 {[%clk 00:07:45]}
{[%emt 00:00:02]} Re5 {[%clk 00:05:29]} {[%emt 00:00:12]} 35. Rd3 {[%clk
00:07:44]} {[%emt 00:00:10]} Kd7 {[%clk 00:05:26]} {[%emt 00:00:13]} 36. Re3
{[%clk 00:07:37]} {[%emt 00:00:17]} Rg5 {[%clk 00:05:22]} {[%emt 00:00:14]} 37.
h4 {[%clk 00:07:44]} {[%emt 00:00:04]} Rh5 {[%clk 00:05:08]} {[%emt 00:00:23]}
38. Qg4+ {[%clk 00:07:52]} {[%emt 00:00:02]} 1-0

[Event "British Rapidplay Championship 2023"]
[Site "Mercure Bradford, Bankfield Hotel"]
[Date "2023.04.16"]
[Round "9.9"]
[White "Lloyd, Stephen M"]
[Black "May, Paul"]
[Result "1-0"]
[TimeControl "All moves in 15 minutes plus 10 second increment per move from move 1"]
[WhiteElo "1579"]
[BlackElo "1860"]

1. d4 {[%clk 00:15:19]} {[%emt 00:00:01]} g6 {[%clk 00:15:18]} {[%emt
00:00:01]} 2. e4 {[%clk 00:15:26]} {[%emt 00:00:16]} Bg7 {[%clk 00:15:26]}
{[%emt 00:00:14]} 3. Nc3 {[%clk 00:15:34]} a6 {[%clk 00:15:12]} {[%emt
00:01:10]} 4. Be3 {[%clk 00:15:15]} {[%emt 00:00:16]} d6 {[%clk 00:14:36]}
{[%emt 00:00:28]} 5. Bd3 {[%clk 00:15:10]} {[%emt 00:00:07]} Nf6 {[%clk
00:14:09]} {[%emt 00:00:20]} 6. Nf3 {[%clk 00:14:56]} {[%emt 00:00:04]} O-O
{[%clk 00:14:12]} {[%emt 00:00:04]} 7. Qd2 {[%clk 00:15:00]} {[%emt 00:00:06]}
Ng4 {[%clk 00:14:17]} {[%emt 00:00:05]} 8. Bg5 {[%clk 00:15:01]} {[%emt
00:00:09]} h6 {[%clk 00:13:32]} {[%emt 00:00:55]} 9. Bh4 {[%clk 00:15:09]}
{[%emt 00:00:02]} Nc6 {[%clk 00:13:22]} {[%emt 00:00:21]} 10. Nd5 {[%clk
00:13:28]} {[%emt 00:01:50]} g5 {[%clk 00:13:14]} {[%emt 00:00:18]} 11. h3
{[%clk 00:12:29]} {[%emt 00:01:09]} Nf6 {[%clk 00:12:47]} {[%emt 00:00:37]} 12.
Nxf6+ {[%clk 00:09:13]} {[%emt 00:03:26]} Bxf6 {[%clk 00:12:32]} {[%emt
00:00:25]} 13. e5 {[%clk 00:09:16]} {[%emt 00:00:06]} dxe5 {[%clk 00:12:26]}
{[%emt 00:00:17]} 14. dxe5 {[%clk 00:09:24]} {[%emt 00:00:03]} Nxe5 {[%clk
00:11:37]} {[%emt 00:00:59]} 15. Nxe5 {[%clk 00:09:03]} {[%emt 00:00:30]} Bxe5
{[%clk 00:11:44]} {[%emt 00:00:03]} 16. Rd1 {[%clk 00:06:46]} {[%emt 00:02:26]}
f5 {[%clk 00:08:35]} {[%emt 00:03:20]} 17. Bxg5 {[%clk 00:05:56]} {[%emt
00:01:01]} Qe8 {[%clk 00:07:27]} {[%emt 00:01:18]} 18. Bxh6 {[%clk 00:05:56]}
{[%emt 00:00:09]} Rf6 {[%clk 00:07:30]} {[%emt 00:00:06]} 19. Qg5+ {[%clk
00:03:20]} {[%emt 00:02:47]} Rg6 {[%clk 00:07:36]} {[%emt 00:00:03]} 20. Bc4+
{[%clk 00:03:16]} {[%emt 00:00:15]} Kh7 {[%clk 00:07:09]} {[%emt 00:00:37]} 21.
Qh5 {[%clk 00:02:54]} {[%emt 00:00:32]} Bc3+ {[%clk 00:04:40]} {[%emt
00:02:39]} 22. Bd2+ {[%clk 00:02:26]} {[%emt 00:00:39]} Kg7 {[%clk 00:04:12]}
{[%emt 00:00:38]} 23. Bxc3+ {[%clk 00:02:27]} {[%emt 00:00:08]} e5 {[%clk
00:04:19]} {[%emt 00:00:03]} 24. O-O {[%clk 00:02:17]} {[%emt 00:00:19]} Be6
{[%clk 00:04:23]} {[%emt 00:00:07]} 25. Bxe5+ {[%clk 00:02:18]} {[%emt
00:00:10]} Kf8 {[%clk 00:04:21]} {[%emt 00:00:11]} 26. Qh8+ {[%clk 00:01:55]}
{[%emt 00:00:33]} Ke7 {[%clk 00:04:04]} {[%emt 00:00:28]} 27. Qh7+ {[%clk
00:01:50]} {[%emt 00:00:14]} Kf8 {[%clk 00:04:08]} {[%emt 00:00:06]} 28. Bxe6
{[%clk 00:01:38]} {[%emt 00:00:22]} Qxe6 {[%clk 00:03:51]} {[%emt 00:00:27]} 29.
Rfe1 {[%clk 00:01:39]} {[%emt 00:00:09]} Qf7 {[%clk 00:03:49]} {[%emt
00:00:12]} 30. Qxf7+ {[%clk 00:01:40]} {[%emt 00:00:09]} Kxf7 {[%clk 00:03:55]}
{[%emt 00:00:04]} 31. Rd7+ {[%clk 00:01:48]} {[%emt 00:00:02]} Kg8 {[%clk
00:03:46]} {[%emt 00:00:19]} 32. Bxc7 {[%clk 00:01:41]} {[%emt 00:00:17]} Rc8
{[%clk 00:03:41]} {[%emt 00:00:14]} 33. Ree7 {[%clk 00:01:44]} {[%emt
00:00:08]} Rc6 {[%clk 00:03:40]} {[%emt 00:00:11]} 34. Be5 {[%clk 00:01:33]}
{[%emt 00:00:20]} Rg6 {[%clk 00:03:17]} {[%emt 00:00:33]} 35. Rh7 {[%clk
00:01:39]} {[%emt 00:00:05]} 1-0

[Event "British Rapidplay Championship 2023"]
[Site "Mercure Bradford, Bankfield Hotel"]
[Date "2023.04.16"]
[Round "9.11"]
[White "McKay, Jonathan"]
[Black "Bastow, Mark A"]
[Result "0-1"]
[TimeControl "All moves in 15 minutes plus 10 second increment per move from move 1"]
[WhiteElo "1796"]
[BlackElo "1739"]

1. e4 {[%clk 00:15:18]} {[%emt 00:00:14]} c6 {[%clk 00:15:15]} {[%emt
00:00:16]} 2. Nf3 {[%clk 00:15:23]} {[%emt 00:00:24]} d5 {[%clk 00:15:11]}
{[%emt 00:00:33]} 3. Nc3 {[%clk 00:15:31]} {[%emt 00:00:11]} dxe4 {[%clk
00:15:09]} {[%emt 00:00:08]} 4. Nxe4 {[%clk 00:15:36]} {[%emt 00:00:04]} Nf6
{[%clk 00:15:02]} {[%emt 00:00:07]} 5. Qe2 {[%clk 00:15:04]} {[%emt 00:00:26]}
Nxe4 {[%clk 00:14:18]} {[%emt 00:00:29]} 6. Qxe4 {[%clk 00:15:12]} Nd7 {[%clk
00:14:22]} {[%emt 00:00:01]} 7. Bc4 {[%clk 00:14:55]} {[%emt 00:00:11]} Nf6
{[%clk 00:14:00]} {[%emt 00:00:33]} 8. Qh4 {[%clk 00:13:39]} {[%emt 00:01:25]}
Bf5 {[%clk 00:13:12]} {[%emt 00:00:59]} 9. Bb3 {[%clk 00:10:21]} {[%emt
00:03:27]} e6 {[%clk 00:13:07]} {[%emt 00:00:15]} 10. d4 {[%clk 00:09:51]}
{[%emt 00:00:40]} Be7 {[%clk 00:12:49]} {[%emt 00:00:28]} 11. Qg3 {[%clk
00:09:30]} {[%emt 00:00:29]} O-O {[%clk 00:12:02]} {[%emt 00:00:59]} 12. Ne5
{[%clk 00:06:51]} {[%emt 00:02:48]} Qxd4 {[%clk 00:11:08]} {[%emt 00:01:05]} 13.
Be3 {[%clk 00:05:49]} {[%emt 00:01:11]} Bb4+ {[%clk 00:08:10]} {[%emt
00:03:10]} 14. Ke2 {[%clk 00:05:05]} {[%emt 00:00:51]} Qxb2 {[%clk 00:08:07]}
{[%emt 00:00:16]} 15. Nc4 {[%clk 00:04:35]} {[%emt 00:00:38]} Qc3 {[%clk
00:07:12]} {[%emt 00:01:06]} 16. Rhd1 {[%clk 00:02:12]} {[%emt 00:02:34]} Rad8
{[%clk 00:06:29]} {[%emt 00:00:53]} 17. Rxd8 {[%clk 00:01:42]} {[%emt
00:00:39]} Rxd8 {[%clk 00:06:37]} {[%emt 00:00:03]} 18. Qc7 {[%clk 00:01:33]}
{[%emt 00:00:18]} Rf8 {[%clk 00:03:19]} {[%emt 00:03:28]} 19. Rc1 {[%clk
00:01:11]} {[%emt 00:00:30]} Nd5 {[%clk 00:02:29]} {[%emt 00:01:03]} 20. Qe5
{[%clk 00:00:59]} {[%emt 00:00:20]} Qxe5 {[%clk 00:02:36]} {[%emt 00:00:05]} 21.
Nxe5 {[%clk 00:01:06]} {[%emt 00:00:02]} Nxe3 {[%clk 00:02:40]} {[%emt
00:00:06]} 22. Kxe3 {[%clk 00:01:08]} {[%emt 00:00:08]} Rd8 {[%clk 00:02:48]}
{[%emt 00:00:02]} 23. c3 {[%clk 00:00:51]} {[%emt 00:00:28]} Bc5+ {[%clk
00:02:53]} {[%emt 00:00:05]} 24. Ke2 {[%clk 00:00:57]} {[%emt 00:00:03]} Kf8
{[%clk 00:03:00]} {[%emt 00:00:04]} 25. g4 {[%clk 00:01:01]} {[%emt 00:00:06]}
Bg6 {[%clk 00:02:56]} {[%emt 00:00:13]} 26. h4 {[%clk 00:01:05]} {[%emt
00:00:06]} Bd6 {[%clk 00:02:47]} {[%emt 00:00:20]} 27. Rd1 {[%clk 00:01:00]}
{[%emt 00:00:14]} Ke7 {[%clk 00:02:54]} {[%emt 00:00:03]} 28. Nc4 {[%clk
00:00:53]} {[%emt 00:00:17]} Bf4 {[%clk 00:02:33]} {[%emt 00:00:31]} 29. Re1
{[%clk 00:00:28]} {[%emt 00:00:33]} h5 {[%clk 00:02:13]} {[%emt 00:00:32]} 30.
Kf3 {[%clk 00:00:29]} {[%emt 00:00:08]} Bc7 {[%clk 00:02:16]} {[%emt 00:00:08]}
31. g5 {[%clk 00:00:20]} {[%emt 00:00:20]} Rd3+ {[%clk 00:02:23]} {[%emt
00:00:03]} 32. Re3 {[%clk 00:00:17]} {[%emt 00:00:12]} Rxe3+ {[%clk 00:02:29]}
{[%emt 00:00:04]} 33. Kxe3 {[%clk 00:00:16]} {[%emt 00:00:11]} b5 {[%clk
00:02:33]} {[%emt 00:00:06]} 34. Nd2 {[%clk 00:00:21]} {[%emt 00:00:05]} Bb6+
{[%clk 00:02:16]} {[%emt 00:00:29]} 35. Ke2 {[%clk 00:00:25]} {[%emt 00:00:04]}
Kd6 {[%clk 00:02:11]} {[%emt 00:00:15]} 36. f4 {[%clk 00:00:25]} {[%emt
00:00:10]} Bf5 {[%clk 00:02:16]} {[%emt 00:00:05]} 37. a4 {[%clk 00:00:19]}
{[%emt 00:00:15]} a6 {[%clk 00:02:22]} {[%emt 00:00:05]} 38. c4 {[%clk
00:00:15]} {[%emt 00:00:14]} Kc5 {[%clk 00:02:09]} {[%emt 00:00:23]} 39. cxb5
{[%clk 00:00:16]} {[%emt 00:00:09]} cxb5 {[%clk 00:02:15]} {[%emt 00:00:04]} 40.
axb5 {[%clk 00:00:23]} {[%emt 00:00:03]} axb5 {[%clk 00:02:20]} {[%emt
00:00:05]} 41. Ba2 {[%clk 00:00:18]} {[%emt 00:00:15]} Kb4 {[%clk 00:02:21]}
{[%emt 00:00:09]} 42. Bb1 {[%clk 00:00:13]} {[%emt 00:00:15]} Bxb1 {[%clk
00:02:30]} {[%emt 00:00:02]} 43. Nxb1 {[%clk 00:00:21]} Bc7 {[%clk 00:02:22]}
{[%emt 00:00:18]} 44. Ke3 {[%clk 00:00:28]} {[%emt 00:00:02]} Kb3 {[%clk
00:02:27]} {[%emt 00:00:06]} 45. Ke4 {[%clk 00:00:28]} {[%emt 00:00:10]} Ba5
{[%clk 00:02:26]} {[%emt 00:00:12]} 46. Kd4 {[%clk 00:00:14]} {[%emt 00:00:23]}
Kb2 {[%clk 00:02:33]} {[%emt 00:00:03]} 47. Kc5 {[%clk 00:00:19]} {[%emt
00:00:03]} Kxb1 {[%clk 00:02:41]} {[%emt 00:00:04]} 48. f5 {[%clk 00:00:18]}
{[%emt 00:00:12]} exf5 {[%clk 00:02:46]} {[%emt 00:00:04]} 49. Kxb5 {[%clk
00:00:26]} {[%emt 00:00:03]} Be1 {[%clk 00:02:52]} {[%emt 00:00:03]} 0-1